Países que Começam com Vogais - Statistics

Estatísticas Gerais
  • Esse quiz foi jogado 371 vezes
  • A pontuação média é 29 de 43
Estatísticas das Respostas
Vogal País % Correto
O Omã
93%
A Argentina
89%
A Alemanha
86%
A Austrália
80%
I Índia
80%
U Uruguai
79%
U Uzbequistão
79%
A Armênia
77%
A Albânia
75%
A Argélia
75%
I Irlanda
75%
E Espanha
74%
E Estados Unidos
74%
E Estônia
74%
U Uganda
74%
A Afeganistão
73%
A Andorra
73%
A Azerbaijão
73%
I Indonésia
73%
A Angola
72%
A Áustria
71%
U Ucrânia
71%
E Eslováquia
69%
E Eslovênia
69%
I Irã
69%
I Islândia
69%
I Itália
68%
A África do Sul
67%
E Eritréia
65%
I Iraque
65%
E Equador
63%
E Etiópia
63%
A Antígua e Barbuda
62%
E Egito
62%
A Arábia Saudita
61%
I Iêmen
61%
E Emirados Árabes Unidos
57%
I Israel
57%
E El Salvador
49%
E Essuatíni
48%
I Ilhas Salomão
44%
I Ilhas Marshall
43%
E E. F. da Micronésia
28%
Nenhum quiz correspondente encontrado
Distribuição das Pontuações
Porcentagem de Pessoas com Cada Pontuação
Percentil de Números Respondidos
Sua Pontuação Histórica
Você não jogou esse quiz